| 000 | 00906cam a2200241 4500 | ||
|---|---|---|---|
| 001 | WB3701-09 | ||
| 008 | 000000n2000 000 0 eng u | ||
| 035 | _a(Sirsi) u110153 | ||
| 245 | _aChecks on impact of land use | ||
| 260 | _c2000 | ||
| 490 |
_aFarmers Guardian _v29 December 2000, 1(1) |
||
| 520 | _aNew legislation, to be introduced in 2001, will require farmers to undertake an environmental impact assessment when they change the use of their land. Considers the response to the Agriculture Minister's announcement, made as part of the DETR committee's inquiry into development on flood plains. | ||
| 590 | _aWB | ||
| 650 | _aFLOOD PLAINS | ||
| 650 | _aDETR | ||
| 650 | _aENVIRONMENTAL IMPACT ASSESSMENTS | ||
| 650 | _aFARMLAND | ||
| 650 |
_aLand use _96251 |
||
| 650 | _aAGRICULTURAL DEVELOPMENT | ||
| 650 | _aRURAL AREAS | ||
| 690 | _aENVIRONMENT-AUDIT/ASSESSMENT | ||
| 942 | _n0 | ||
| 999 |
_c65689 _d65689 |
||